| 000 | 00819nam a22002177a 4500 | ||
|---|---|---|---|
| 999 |
_c19897 _d19897 |
||
| 003 | AR-CdUCM | ||
| 008 | 190523b ||||| |||| 00| 0 spa d | ||
| 040 |
_aMUNICIPALIDAD PROVINCIAL DEL CUSCO _cBIBLIOTECA MUNICIPAL DEL CUSCO |
||
| 082 |
_a581.1 / _bM32 |
||
| 100 |
_aMaximov, Nicolai A. _941601 |
||
| 245 | _aFisiología vegetal / | ||
| 260 |
_aMéxico : _bContinental, _c1954. |
||
| 300 |
_a433 páginas ; _bIlustraciones, _c23 cm. |
||
| 505 | _aContenido: Organización fisioquimica de la planta -- Composición química de las plantas y su metabolismo básico -- Respiración... | ||
| 650 |
_aFisiologia _94959 |
||
| 650 |
_aCrecimiento de las plantas _941602 |
||
| 650 |
_aFotosíntesis _941603 |
||
| 700 |
_aHinziker, Armando Teodoro (traducción) _941604 |
||
| 942 |
_2ddc _cLIBROS |
||
| 945 |
_adavv _d2019-05-23 |
||